01152 2200385 4500001002100000005001500021035002000036007000300056008004100059040001700100100002700117245012000144250001200264300003700276020002200313041000800335082000800343084001400351090002000365260003300385260003600418650001100454700003100465700002400496850001000520264003600530990002500566990002500591990002500616990002500641990002500666990002500691990002500716990002500741INLIS00000000000238120260602021815 a0010-0220000232ta260602 1  aSBPUPADbind0 aSir Arthur Conan Doyle1 aSherlock Holmes Best of the Stories :b19 Petualangan Terbaik /cSir Arthur Conan Doyle, Penyunting: Daru Wijayanti a,-cet.1 aviii, 668 hlm. :bilus. ;c19 cm a978-602-18792-7-617aind a800 a800 SIR s a800 SIR s L24-1 aYogyakarta :bBangkit,c2015 a,--Yogyakarta :bBangkit,c2015 4asastra0 aPenyunting: Daru Wijayanti0 aPenerjemah, Ismanto aPUPAD 0a,--Yogyakarta :bBangkit,c2015 a31.205/APBD/DPK/2019 a31.206/APBD/DPK/2019 a31.207/APBD/DPK/2019 a31.208/APBD/DPK/2019 a31.210/APBD/DPK/2019 a31.205/APBD/DPK/2019 a31.206/APBD/DPK/2019 a31.207/APBD/DPK/2019